Warrior cats leap names - Statistics

General Stats
  • This quiz has been taken 30 times
  • The average score is 6 of 15
Answer Stats
% Correct
RabbitleapSkc
78%
RabbitleapTc
78%
Foxleap
67%
Lightleap
67%
StagleapTc
56%
StagleapWc
56%
Frogleap
44%
Deerleap
33%
Finleap
33%
Rainleap
33%
Fish leap
22%
Branchleap
11%
Houndleap
11%
Songleap
11%
Vixenleap
11%
No matching quizzes found
Score Distribution
Percent of People with Each Score
Percentile by Number Answered
Your Score History
You have not taken this quiz